| 000 | 02970ncm0a2200469 4500 | ||
|---|---|---|---|
| 001 | RU\NLR\ONIZ\304080 | ||
| 005 | 20250625182415.0 | ||
| 035 | _a(NLR Aleph) 022274367 | ||
| 071 | 2 | 0 | _aЗак. 2243 |
| 090 |
_a12365529 _c12365529 |
||
| 100 | _a20240418f19271937|||y0rusy50 ca | ||
| 101 | 0 | _arus | |
| 102 | _aRU | ||
| 125 | _aa| | ||
| 128 | _afox | ||
| 145 | 0 | _ab | |
| 200 | 1 |
_aСфинкс _bНоты _eвставной номер из оперетты "Белая моль" А. Ашкенази, слова В. Ленского _e[для фортепиано] _fмуз. А. Лэн |
|
| 203 |
_aМузыка _bзнаковая _bвизуальная _cнепосредственная |
||
| 210 |
_aЛенинград _cиздание автора [А. Лэн] _cЛенинградский гублит _gНотопечатня "Ленинградская правда" _eЛенинград _d[после 1927] |
||
| 215 |
_a5 с. _cцв. ил. _d36 см |
||
| 300 | _aПеред нот. текстом: Посвящается моему другу Полю Марсель | ||
| 300 | _aНа тит. л. ил.: изобр. сфинкс и девушка в мехах | ||
| 300 | _aНа тит. л. сигнатура художника: "Б" в трапеции | ||
| 313 | _aСистематизация документа проведена по изданию - Методика классифицирования музыкальных произведений (нотных изданий) по таблицам Библиотечно-библиографических классификаций : метод. рекомендации / Гос. б-ка СССР им. В.И. Ленина.- М., 1977. Индексу ББК методических рекомендаций присваивается код ББК для научных библиотек - LBC/SL | ||
| 606 | 1 |
_aЭстрадная музыка советская _z20 век _jНоты _2nlr_sh |
|
| 606 | 1 |
_aМузыкальные произведения для фортепиано _yСССР _z20 в. _jНоты _2nlr_sh |
|
| 606 | 1 |
_aФокстроты для фортепиано _yСССР _jНоты _2nlr_sh |
|
| 686 | 0 | _aЩ954.2-085(2) | |
| 700 | 1 |
_9z01790 _aЛэн _bА. _fкон. 19 - нач. 20 в. _4230 _7ca |
|
| 702 | 1 |
_9z02790 _aАшкенази _bА. А. _f1895-1983 _gАбрам Абрамович _4570 _4230 _7ca |
|
| 702 | 1 |
_9z03790 _aЛенский _bВ. Я. _f1887–1932 _gВладимир Яковлевич _4480 _7ca |
|
| 790 | 1 |
_9z01700 _aLêm _bA. _fкон. 19 - нач. 20 в. _4230 _7ba |
|
| 790 | 1 |
_9z02702 _aAškenazi _bA. A. _f1895-1983 _gAbram Abramovič _4570 _4230 _7ba |
|
| 790 | 0 |
_9z03702 _aВ. Ленский _cпсевдоним _f1887–1932 _4480 _7ca |
|
| 801 | 0 |
_aRU _bNLR _c20240418 _gPSBO |
|
| 801 | 1 |
_aRU _bNLR _c20240418 _2rusmarc |
|
| 801 | 2 |
_aRU _bNLR _c20240418 |
|
| 852 |
_aNLR _bМ _jК-4/6536 _p274204 _t1 |
||
| 942 | _cSCORE | ||
| 980 | _aNB | ||
| 980 | _aONIZ | ||